| Tag |
First Indicator |
Second Indicator |
Subfields |
| LEADER |
00000cam a2200000 a 4500 |
| 001 |
in00001405062 |
| 005 |
20151020064134.0 |
| 008 |
900824m19901992tnu r 001 0 eng |
| 010 |
|
|
|a 90063006
|
| 019 |
|
|
|a 27876221
|
| 020 |
|
|
|a 0945099150 (4 vol. set)
|
| 020 |
|
|
|a 0945099169 (vol. 1)
|
| 020 |
|
|
|a 0945099177 (vol. 2)
|
| 020 |
|
|
|a 0945099185 (vol. 3)
|
| 020 |
|
|
|a 0945099193 (vol. 4)
|
| 035 |
|
|
|a (OCoLC)23035911
|
| 035 |
|
|
|9 AHP4584AM
|
| 040 |
|
|
|a DLC
|c DLC
|d TXA
|d UtOrBLW
|
| 043 |
|
|
|a n-us---
|
| 049 |
|
|
|a TXAM
|
| 050 |
0 |
0 |
|a E255
|b .W55 1990
|
| 082 |
0 |
0 |
|a 973.3/4
|2 20
|
| 100 |
1 |
|
|a White, Virgil D.
|
| 245 |
1 |
0 |
|a Genealogical abstracts of Revolutionary War pension files /
|c abstracted by Virgil D. White.
|
| 250 |
|
|
|a 1st ed.
|
| 264 |
|
1 |
|a Waynesboro, Tenn. :
|b National Historical Pub. Co.,
|c 1990-1992.
|
| 300 |
|
|
|a 4 volumes (5265 pages) ;
|c 29 cm.
|
| 336 |
|
|
|a text
|b txt
|2 rdacontent
|
| 337 |
|
|
|a unmediated
|b n
|2 rdamedia
|
| 338 |
|
|
|a volume
|b nc
|2 rdacarrier
|
| 505 |
1 |
|
|a v. 1. A-E -- v. 2. F-M -- v. 3. N-Z.-- v. 4. Index.
|
| 651 |
|
0 |
|a United States
|x History
|y Revolution, 1775-1783
|v Registers.
|
| 650 |
|
0 |
|a Military pensions
|z United States
|y Revolution, 1775-1783.
|
| 651 |
|
0 |
|a United States
|v Genealogy.
|
| 650 |
|
0 |
|a Soldiers
|z United States
|v Registers.
|
| 948 |
|
|
|a c:rd
|
| 999 |
|
|
|a MARS
|
| 999 |
f |
f |
|s b8dc8e0e-2409-3ea2-945b-1f4ec9468843
|i 56868c34-2d10-3548-be8c-f4f3a1e345ce
|t 0
|
| 952 |
f |
f |
|p normal
|a Texas A&M University
|b College Station
|c Sterling C. Evans Library
|d Evans: Library Stacks
|t 0
|e E255 .W55 1990
|h Library of Congress classification
|i unmediated -- volume
|k v.2
|m A14823383563
|
| 952 |
f |
f |
|p normal
|a Texas A&M University
|b College Station
|c Sterling C. Evans Library
|d Evans: Library Stacks
|t 0
|e E255 .W55 1990
|h Library of Congress classification
|i unmediated -- volume
|k v.1
|m A14823383539
|
| 952 |
f |
f |
|p normal
|a Texas A&M University
|b College Station
|c Sterling C. Evans Library
|d Evans: Library Stacks
|t 0
|e E255 .W55 1990
|h Library of Congress classification
|i unmediated -- volume
|k v.3
|m A14823383571
|
| 998 |
f |
f |
|a E255 .W55 1990
|s v.1-v.3
|t 0
|l Evans: Library Stacks
|